000 00384nam a2200181Ia 4500
008 240830s1901 xx 000 0 und d
041 _aeng
082 _a891.2
100 _aS.K. DEVDHAR
245 _aATHRVED PART - 4
250 _a1 ST
260 _bN.D.
_c1901
300 _a85p
440 _vIV
650 _aSANSKRIT SAMHITA
906 _aN.D.
999 _c1192938
_d1192938